Psychologie sociale (Record no. 2297)

MARC details
000 -LEADER
fixed length control field 00749nam a2200241 4500
008 - FIXED-LENGTH DATA ELEMENTS--GENERAL INFORMATION
fixed length control field s1973 fr fre u
040 ## - CATALOGING SOURCE
Original cataloging agency LB-BrCRDP
082 1# - DEWEY DECIMAL CLASSIFICATION NUMBER
Classification number 150
Item number ENC
100 1# - MAIN ENTRY--PERSONAL NAME
Personal name Huisman, Denis
245 10 - TITLE STATEMENT
Title Psychologie sociale
Statement of responsibility, etc. Denis Huisman
260 ## - PUBLICATION, DISTRIBUTION, ETC.
Place of publication, distribution, etc. Paris
Name of publisher, distributor, etc. Fernand Nathan
Date of publication, distribution, etc. 1973
300 ## - PHYSICAL DESCRIPTION
Extent 427 p.
Other physical details couv. couleur, ill. coul.
Dimensions 27 cm
490 1# - SERIES STATEMENT
Series statement Encyclopédie générale de l'homme
500 ## - GENERAL NOTE
General note Table des matières, bibliographie.
650 4# - SUBJECT ADDED ENTRY--TOPICAL TERM
Topical term or geographic name entry element Psychologie
650 4# - SUBJECT ADDED ENTRY--TOPICAL TERM
Topical term or geographic name entry element Education
650 4# - SUBJECT ADDED ENTRY--TOPICAL TERM
Topical term or geographic name entry element Socialisation
650 4# - SUBJECT ADDED ENTRY--TOPICAL TERM
Topical term or geographic name entry element Psychosociologie
650 4# - SUBJECT ADDED ENTRY--TOPICAL TERM
Topical term or geographic name entry element Société et politique
830 #0 - SERIES ADDED ENTRY--UNIFORM TITLE
Uniform title Encyclopédie générale de l'homme
Name of part/section of a work Psychologie
942 ## - ADDED ENTRY ELEMENTS (KOHA)
Koha item type Books
Holdings
Withdrawn status Lost status Source of classification or shelving scheme Damaged status Not for loan Home library Current library Shelving location Date acquired Source of acquisition Cost, normal purchase price Total Checkouts Full call number Barcode Date last seen Copy number Price effective from Koha item type
    Dewey Decimal Classification     مكتبة دار المعلمين و المعلمات - زحلة مكتبة دار المعلمين و المعلمات - زحلة Salle de Lecture 06/13/2007 CRDP 0.00   150 ENC CRZ2350 07/27/2016 1 07/27/2016 Books